[Event "Zonal 2.4 2017"]
[Site "Florianopolis BRA"]
[Date "2017.04.29"]
[Round "6.17"]
[White "Trois,F"]
[Black "Fonseca,Luis Ernesto Serra Azul"]
[Result "1-0"]
[WhiteElo "2205"]
[BlackElo "1990"]

1.c4 c5 2.Nf3 g6 3.Nc3 Nc6 4.e3 Nf6 5.d4 cxd4 6.exd4 d5 7.Bg5 Ne4 8.cxd5 Nxc3
9.bxc3 Qxd5 10.Be2 Bg7 11.O-O O-O 12.Qb3 Qd6 13.Rad1 b6 14.Nd2 Be6 15.Qb2 Bd5
16.Bf3 Bxf3 17.Nxf3 Na5 18.Qb4 f6 19.Bh4 Rac8 20.Rfe1 Rc4 21.Qb2 Rfc8 22.Bg3
Qd7 23.Re3 Bh6 24.Red3 Qd5 25.Nd2 R4c6 26.Qb4 e5 27.f3 R8c7 28.Ne4 Bf8 29.Qb2
Nc4 30.Qe2 Qb5 31.d5 Rc5 32.Nxf6+ Kf7 33.Nxh7 Bh6 34.h4 Nb2 35.Qxe5 Re7
36.Qf6+ Ke8 37.d6 Be3+ 38.Rxe3 Rxe3 39.d7+ {#r} 1-0

[Event "Zonal 2.4 2017"]
[Site "Florianopolis BRA"]
[Date "2017.04.29"]
[Round "6.23"]
[White "Maiberg,Wellington Gubiani"]
[Black "Andrade Fiaes,M"]
[Result "1-0"]
[WhiteElo "1892"]
[BlackElo "2154"]

1.e4 e5 2.Bc4 Nc6 3.d3 Nf6 4.f4 Bc5 5.Nf3 d6 6.Nc3 O-O 7.Na4 Bb6 8.Nxb6 axb6
9.c3 Re8 10.O-O Be6 11.Bxe6 Rxe6 12.f5 Re8 13.Bg5 d5 14.Qe1 dxe4 15.dxe4 Ra4
16.b3 Ra3 17.Qh4 Qe7 18.Bxf6 gxf6 19.Nd2 Kh8 20.Rf3 Rg8 21.Nc4 Raa8 22.Kh1 Nb8
23.Rh3 Rg7 24.Rd3 Nd7 25.Ne3 c6 26.Rad1 Nc5 27.R3d2 Rg5 28.b4 Na4 29.Rd7 Qf8
30.Ng4 Nxc3 31.Nxf6 Rg7 32.R1d2 Nxa2 33.Nxh7 Rxh7 34.Qf6+ Kg8 35.Rd8 Nxb4
36.Rxa8 Qxa8 37.Rd8+ Qxd8 38.Qxd8+ Kg7 39.Qg5+ Kf8 40.f6 c5 41.Qf5 Rh8 42.Qc8#
1-0

[Event "Zonal 2.4 2017"]
[Site "Florianopolis BRA"]
[Date "2017.04.29"]
[Round "6.24"]
[White "Souza,R"]
[Black "Predebon,Eduardo"]
[Result "1-0"]
[WhiteElo "2154"]
[BlackElo "1829"]

1.e4 c6 2.d4 d5 3.e5 Bf5 4.Nc3 e6 5.g4 Bg6 6.Nge2 c5 7.h4 h6 8.Be3 c4 9.f4 Bb4
10.f5 exf5 11.Nf4 Ne7 12.Bg2 fxg4 13.Qxg4 Bf5 14.Qxg7 Rg8 15.Qxh6 Rxg2 16.Nxg2
Bxc2 17.O-O Nf5 18.Qh8+ Kd7 19.Qxd8+ Kxd8 20.Bg5+ Be7 21.Nxd5 Bxg5 22.hxg5 Nc6
23.Nge3 Nxe3 24.Nxe3 Nxd4 25.Rad1 Bxd1 26.Rxd1 b5 27.Rxd4+ Ke7 28.a4 a6 29.Rd6
Rg8 30.Nd5+ Kf8 31.Rd8+ Kg7 32.Rxg8+ Kxg8 33.axb5 axb5 34.Kf2 Kf8 35.Ke3 {#r}
1-0

[Event "Zonal 2.4 2017"]
[Site "Florianopolis BRA"]
[Date "2017.04.29"]
[Round "6.25"]
[White "Serafim Junior,Arnor"]
[Black "Gisclan,H"]
[Result "0-1"]
[WhiteElo "1855"]
[BlackElo "2153"]

1.Nf3 Nf6 2.g3 g6 3.Bg2 Bg7 4.O-O O-O 5.c4 d6 6.Nc3 Nc6 7.d3 e5 8.Rb1 a5 9.a3
h6 10.b4 axb4 11.axb4 Be6 12.b5 Ne7 13.Bb2 Qd7 14.Re1 Bh3 15.Bh1 Ng4 16.e3 f5
17.Qb3 Rf7 18.Nd2 c6 19.Ne2 g5 20.Ra1 Raf8 21.Ra7 f4 22.exf4 gxf4 23.bxc6 fxg3
24.Nxg3 Nxc6 25.Bd5 Nxa7 26.Nde4 Kh8 27.Bxf7 Qxf7 28.d4 Nc6 29.Ne2 Nxf2
30.N2g3 Nxe4 {#R} 0-1

[Event "Zonal 2.4 2017"]
[Site "Florianopolis BRA"]
[Date "2017.04.29"]
[Round "6.26"]
[White "Condori,E"]
[Black "Pessoa,Hudson Anselmo"]
[Result "1-0"]
[WhiteElo "2138"]
[BlackElo "1839"]

1.Nf3 g6 2.c4 Bg7 3.d4 Nf6 4.Nc3 O-O 5.g3 d6 6.Bg2 c6 7.O-O Nbd7 8.h3 e5 9.e4
Re8 10.Re1 h6 11.Re2 Qe7 12.b3 Nh5 13.Ba3 a6 14.Rd2 Qf6 15.Rc1 Bf8 16.Bb2 Bg7
17.dxe5 dxe5 18.Rxd7 Bxd7 19.Qxd7 Qe7 20.Qxe7 Rxe7 21.Rd1 Nf6 22.Kf1 Rae8
23.Ke1 Rd7 24.Bf1 Rxd1+ 25.Kxd1 Rd8+ 26.Kc2 Ne8 27.Na4 f6 28.c5 Bf8 29.b4 Nc7
30.Bc4+ Kg7 31.Nxe5 Re8 32.Nd7 Be7 33.e5 f5 34.Nab6 g5 35.e6+ Kg8 36.Bf6 {#r}
1-0

[Event "Zonal 2.4 2017"]
[Site "Florianopolis BRA"]
[Date "2017.04.29"]
[Round "6.31"]
[White "Alboredo,Julia"]
[Black "Moro,Antonio Renato Pereira"]
[Result "1-0"]
[WhiteElo "2049"]
[BlackElo "1948"]

1.e4 g6 2.d4 d6 3.Nc3 Bg7 4.f4 c5 5.Nf3 cxd4 6.Nxd4 a6 7.Be3 Nf6 8.Be2 O-O
9.O-O Nc6 10.Kh1 Qc7 11.Bf3 Bd7 12.Nb3 e6 13.a4 b6 14.Qd2 Rfd8 15.Qf2 Rab8
16.Rfd1 Be8 17.Rd2 Nd7 18.Rad1 Bf8 19.Be2 Ra8 20.f5 Nc5 21.Nd4 Qb7 22.Nf3 Qe7
23.fxe6 Qxe6 24.Ng5 Qe5 25.Bf4 Qg7 26.Bxd6 Bxd6 27.Rxd6 Rxd6 28.Rxd6 h6 29.Nf3
Qf8 30.Qg3 Ra7 31.Bc4 Kg7 32.Nh4 Kh8 33.Qf4 Qg7 34.Nf3 Re7 35.Bd5 Nb4 36.e5 a5
37.Qh4 Nxd5 38.Nxd5 Re6 39.Rd8 g5 40.Qg4 Kh7 41.Nf6+ {#r} 1-0

[Event "Zonal 2.4 2017"]
[Site "Florianopolis BRA"]
[Date "2017.04.29"]
[Round "6.32"]
[White "Hiramine,Rodrigo Yoshio Ferreir"]
[Black "Rodrigues,Natanael Isau"]
[Result "0-1"]
[WhiteElo "2045"]
[BlackElo "1774"]

1.e4 c6 2.d4 d5 3.Nc3 dxe4 4.Nxe4 Nd7 5.Qe2 e6 6.Bg5 Qa5+ 7.Qd2 Qxd2+ 8.Kxd2
h6 9.Bf4 Ngf6 10.Nd6+ Bxd6 11.Bxd6 Ne4+ 12.Kd3 Nxd6 13.Nf3 b6 14.c4 Bb7 15.Re1
O-O-O 16.Be2 c5 17.b3 Ne4 18.Rhf1 cxd4 19.Nxd4 Ndc5+ 20.Ke3 Nd6 21.g4 e5
22.Nc2 f5 23.f3 f4+ 24.Kf2 e4 25.fxe4 Ndxe4+ 26.Kg1 Ng5 27.h4 Rd2 28.Nb4 f3
29.hxg5 fxe2 30.Rf7 hxg5 31.Kf2 Ne4+ 32.Ke3 Rh3+ 33.Rf3 Rxf3+ 34.Kxf3 Nc3+
35.Ke3 Rd1 36.Nc2 Be4 {#R} 0-1

[Event "Zonal 2.4 2017"]
[Site "Florianopolis BRA"]
[Date "2017.04.29"]
[Round "6.37"]
[White "Correa,Jose Augusto"]
[Black "Gomes,Marc"]
[Result "1-0"]
[WhiteElo "1966"]
[BlackElo "1759"]

1.c4 e5 2.Nc3 Nf6 3.g3 d5 4.cxd5 Nxd5 5.Bg2 Nb6 6.Nf3 f6 7.d4 exd4 8.Nxd4 c5
9.Ndb5 a6 10.Qxd8+ Kxd8 11.Na3 Bd6 12.Be3 Nc6 13.Rd1 Kc7 14.Ne4 Be5 15.Bxc5
Be6 16.f4 Bxf4 17.gxf4 Bxa2 18.Bd6+ Kd8 19.Nc5 Ke8 20.Nxb7 Rc8 21.Bh3 Ra8
22.Bc5 Nd5 23.e4 Nde7 24.Bd7+ Kf7 25.Nd6+ Kg8 26.Nac4 h6 27.Be6+ Kh7 28.f5
Bxc4 29.Nxc4 {#r} 1-0

[Event "Zonal 2.4 2017"]
[Site "Florianopolis BRA"]
[Date "2017.04.29"]
[Round "6.38"]
[White "Sopko,Cassio Roberto"]
[Black "Do Prado,Hamilton Mesquita"]
[Result "0-1"]
[WhiteElo "1943"]
[BlackElo "1744"]

1.Nf3 d5 2.g3 Nf6 3.Bg2 c6 4.d4 Bf5 5.O-O e6 6.c4 Bd6 7.Qb3 Qc8 8.a4 a5 9.Bd2
Nbd7 10.cxd5 exd5 11.Nc3 Qb8 12.Rfe1 O-O 13.Nh4 Be6 14.Qc2 Re8 15.Rad1 Qc8
16.f3 Nf8 17.e4 dxe4 18.fxe4 Bb4 19.Qd3 Bg4 20.Rc1 Qd7 21.Bg5 Bc5 22.Be3 Rad8
23.e5 Rxe5 24.d5 Bxe3+ 25.Rxe3 Rxe3 26.Qxe3 Nxd5 27.Qf2 Nxc3 28.bxc3 Qd2
29.Qxd2 Rxd2 30.Rb1 Rd1+ 31.Rxd1 Bxd1 32.Nf5 Bxa4 33.Nd6 Bb3 34.Nxb7 a4 35.Nc5
Ne6 36.Nxb3 axb3 37.Bxc6 Nc5 38.Bd5 b2 39.Ba2 Na4 40.c4 Nc3 41.Bb1 Nxb1 42.c5
Na3 {#R} 0-1

[Event "Zonal 2.4 2017"]
[Site "Florianopolis BRA"]
[Date "2017.04.29"]
[Round "6.39"]
[White "De Vilhena,Cleriston Mubarak T."]
[Black "Boabaid,Jorge Alberto Duardes"]
[Result "0-1"]
[WhiteElo "1601"]
[BlackElo "1852"]

1.d4 Nf6 2.c4 e6 3.Nc3 d5 4.Bg5 Nbd7 5.cxd5 exd5 6.Nxd5 Nxd5 7.Bxd8 Bb4+ 8.Qd2
Bxd2+ 9.Kxd2 Kxd8 10.e3 N7f6 11.Bc4 Be6 12.Nf3 Ne4+ 13.Ke2 Ke7 14.Rac1 c6
15.Bd3 f5 16.a3 Rac8 17.Bxe4 fxe4 18.Ne5 Rhf8 19.h4 Nb6 20.h5 Kd6 21.h6 g6
22.Rh4 Bd5 23.Rg4 Rf6 24.b4 Rcf8 25.Rf1 Nc4 26.Ke1 Nxe5 27.dxe5+ Kxe5 {#R} 0-1

[Event "Zonal 2.4 2017"]
[Site "Florianopolis BRA"]
[Date "2017.04.29"]
[Round "6.41"]
[White "Cordioli,Jairo Ribeiro"]
[Black "Gomes,Carlos Henrique Caldeira"]
[Result "1-0"]
[WhiteElo "1899"]
[BlackElo "1792"]

1.d4 Nf6 2.Nf3 e6 3.c4 Bb4+ 4.Bd2 Be7 5.Nc3 d5 6.Bg5 Nbd7 7.e3 c5 8.cxd5 Nxd5
9.Bxe7 Qxe7 10.Nxd5 exd5 11.dxc5 Qxc5 12.Qd4 O-O 13.Bd3 Qxd4 14.Nxd4 Ne5
15.Be2 Bd7 16.b3 Rac8 17.Kd2 Rfd8 18.Rac1 a6 19.Rxc8 Rxc8 20.Rc1 Nc6 21.Bf3
Ne7 22.Rxc8+ Bxc8 23.b4 Bd7 24.Kc3 g5 25.g4 Kg7 26.Nf5+ Bxf5 27.gxf5 Kf6 28.e4
Ke5 29.f6 d4+ 30.Kc4 Ng8 31.Kc5 Nxf6 32.Kb6 Nxe4 33.Kxb7 Nxf2 34.Kxa6 f5 35.b5
g4 36.Bd1 {#r} 1-0

[Event "Zonal 2.4 2017"]
[Site "Florianopolis BRA"]
[Date "2017.04.29"]
[Round "6.43"]
[White "Brandt,Ladir Albano Becker"]
[Black "Cezar,Ricardo De Almeida"]
[Result "0-1"]
[WhiteElo "1786"]
[BlackElo "1497"]

1.c4 c6 2.d4 d5 3.cxd5 cxd5 4.Nc3 Nf6 5.Bg5 Bf5 6.Nf3 e6 7.e3 Bd6 8.Bd3 Bg6
9.Rc1 O-O 10.O-O Nc6 11.a3 a6 12.Bxg6 hxg6 13.Na4 Qe7 14.Nb6 Rab8 15.Qd2 Qc7
16.Bxf6 gxf6 17.Na4 Kg7 18.h3 Rh8 19.Nc5 g5 20.e4 Bf4 {#R} 0-1

[Event "Zonal 2.4 2017"]
[Site "Florianopolis BRA"]
[Date "2017.04.29"]
[Round "6.44"]
[White "Masselli,Eduardo"]
[Black "Abdalla,Umar Mohammad"]
[Result "1-0"]
[WhiteElo "1665"]
[BlackElo "1357"]

1.e4 e5 2.Nf3 Nc6 3.Bc4 Nf6 4.d3 Bc5 5.c3 O-O 6.Bb3 d6 7.h3 Qe7 8.Bg5 h6 9.Bh4
Bb6 10.Nbd2 Be6 11.Bc2 d5 12.O-O d4 13.Re1 g5 14.Nxg5 hxg5 15.Bxg5 Kg7 16.Qf3
Qd8 17.Nf1 Bc5 18.Ng3 Be7 19.h4 Bg4 20.Bxf6+ Bxf6 21.Qxg4+ Kh7 22.Qf5+ Kh6
23.f4 Bxh4 24.Qh5+ Kg7 25.Nf5+ Kf6 26.Qxh4+ Ke6 27.Bb3+ Kd7 28.Qxd8+ Raxd8
29.cxd4 exd4 30.Nh6 Ke7 31.Nf5+ Kf6 32.g4 Kg6 33.Nh4+ Kg7 34.Bd5 Nb4 35.Bc4
Nc2 36.Nf5+ Kh7 37.Kf2 Nxa1 38.Rxa1 f6 39.Rh1+ {#r} 1-0

[Event "Queima das Fitas Open"]
[Site "Coimbra POR"]
[Date "2017.04.29"]
[Round "2.1"]
[White "Fernandes,Joao Pedro Murtinho"]
[Black "Spraggett,K"]
[Result "0-1"]
[WhiteElo "1834"]
[BlackElo "2534"]

1.e4 c6 2.d4 d5 3.e5 Bf5 4.h4 Qc7 5.Nf3 e6 6.Bd3 Bg4 7.Bf4 c5 8.O-O Nc6 9.Bb5
Ne7 10.c3 Nf5 11.Bxc6+ Qxc6 12.Nbd2 Nxh4 13.a3 Be7 14.b4 cxb4 15.cxb4 O-O
16.Qb3 Nxf3+ 17.Nxf3 Rfc8 18.Rfd1 Qc2 19.Qxc2 Rxc2 20.Rdc1 Rxc1+ 21.Rxc1 Bxf3
22.gxf3 Kf8 23.Rc7 Rb8 24.Bd2 Ke8 25.a4 Kd8 26.Rc2 Kd7 27.b5 f6 28.f4 fxe5
29.fxe5 Rf8 30.Kg2 h5 31.a5 Rc8 32.Rxc8 Kxc8 33.Kf3 a6 {#R} 0-1

[Event "Queima das Fitas Open"]
[Site "Coimbra POR"]
[Date "2017.04.29"]
[Round "2.2"]
[White "Galego,L"]
[Black "Medrano del Val,J"]
[Result "1-0"]
[WhiteElo "2481"]
[BlackElo "1834"]

1.e4 c5 2.Nf3 Nc6 3.Nc3 d6 4.Bb5 Bd7 5.O-O a6 6.Bxc6 Bxc6 7.d4 Nf6 8.Re1 cxd4
9.Nxd4 g6 10.Nxc6 bxc6 11.e5 dxe5 12.Rxe5 Nd7 13.Re1 Bg7 14.Qf3 Ne5 15.Qe2 e6
16.Bf4 Nd7 17.Bd6 Qg5 18.Qc4 Bxc3 19.Qxc3 {#r} 1-0

[Event "Queima das Fitas Open"]
[Site "Coimbra POR"]
[Date "2017.04.29"]
[Round "2.3"]
[White "Osvaldo,C"]
[Black "Campora,D"]
[Result "0-1"]
[WhiteElo "1830"]
[BlackElo "2439"]

1.d4 Nf6 2.c4 e5 3.dxe5 Ng4 4.Bf4 g5 5.Bg3 Bg7 6.Nf3 Nc6 7.Nc3 Ngxe5 8.Nxe5
Nxe5 9.e3 d6 10.h4 g4 11.h5 h6 12.Be2 Be6 13.Qb3 O-O 14.O-O-O a5 15.Nd5 c6
16.Bh4 f6 17.Nf4 Bf7 18.Ng6 a4 19.Qc2 Bxg6 20.hxg6 a3 21.b3 Qd7 22.f4 gxf3
23.gxf3 f5 24.Bg3 Rae8 25.Bf4 Re6 26.Bxh6 Rxg6 27.Bf4 Qe6 28.Rdg1 Rxg1+
29.Rxg1 Ng6 30.Bg5 Qe5 31.Kd2 f4 32.e4 Qd4+ {#R} 0-1

[Event "Queima das Fitas Open"]
[Site "Coimbra POR"]
[Date "2017.04.29"]
[Round "2.4"]
[White "Luch,M"]
[Black "Clavero Alarcon,J"]
[Result "1-0"]
[WhiteElo "2401"]
[BlackElo "1790"]

1.d4 d5 2.c4 Nc6 3.Nc3 dxc4 4.d5 Ne5 5.Qd4 f6 6.f4 Nf7 7.Qxc4 Nd6 8.Qb3 c6
9.e4 cxd5 10.exd5 Nh6 11.Nf3 Qa5 12.Bd2 Bg4 13.Nd4 Qd8 14.Ne6 Bxe6 15.dxe6 Qb6
16.Qa4+ Qc6 17.Nb5 Kd8 18.Rc1 Qe4+ 19.Qxe4 Nxe4 20.Be3 Rc8 21.Rd1+ Ke8 22.Nxa7
{#r} 1-0

[Event "Queima das Fitas Open"]
[Site "Coimbra POR"]
[Date "2017.04.29"]
[Round "2.6"]
[White "Dias,I"]
[Black "Saraiva,F"]
[Result "1-0"]
[WhiteElo "2187"]
[BlackElo "1775"]

1.e4 e6 2.d4 d5 3.Nc3 Nf6 4.e5 Nfd7 5.f4 c5 6.Nf3 Nc6 7.Be3 a6 8.Qd2 b5 9.Be2
b4 10.Na4 c4 11.O-O Qa5 12.b3 c3 13.Qe1 Nb6 14.Nc5 Bxc5 15.dxc5 Nd7 16.Qf2 h5
17.Nd4 Bb7 18.f5 Nxd4 19.Bxd4 O-O-O 20.a3 bxa3 21.b4 Qa4 22.fxe6 fxe6 23.Qe3
Rdf8 24.Qxc3 Qc6 25.Rfb1 Nxe5 26.b5 axb5 27.Bxb5 Qxb5 28.Rxb5 {#r} 1-0

[Event "Queima das Fitas Open"]
[Site "Coimbra POR"]
[Date "2017.04.29"]
[Round "2.8"]
[White "Veiga,Jose Francisco R P Neves"]
[Black "Belo,A"]
[Result "1-0"]
[WhiteElo "2145"]
[BlackElo "1764"]

1.e4 c6 2.Nc3 d5 3.d4 dxe4 4.Nxe4 Bf5 5.Ng3 Nf6 6.Nxf5 Qa5+ 7.c3 Qxf5 8.Bd3
Qg4 9.Qxg4 Nxg4 10.Nf3 e6 11.Bf4 Nd7 12.O-O Be7 13.Rfe1 O-O 14.Rad1 Nb6 15.c4
Rad8 16.a3 Nc8 17.c5 Nf6 18.Ne5 Nd5 19.Bg3 Bf6 20.Be4 Nce7 21.Nc4 Nc8 22.Be5
Bxe5 23.dxe5 b6 24.b4 Nce7 25.cxb6 axb6 26.Rc1 b5 27.Na5 Rc8 28.Rc5 Rfd8 29.g3
Rd7 30.Rec1 Rdc7 31.f4 g6 32.Kf2 Kf8 33.Bxd5 exd5 34.a4 bxa4 35.b5 Ra8 36.b6
Rd7 37.b7 Rc7 {#r} 1-0

[Event "Queima das Fitas Open"]
[Site "Coimbra POR"]
[Date "2017.04.29"]
[Round "2.9"]
[White "Silva,Ana Ines Teixeira Da"]
[Black "Costa,Pa"]
[Result "1-0"]
[WhiteElo "1771"]
[BlackElo "2143"]

1.e4 c5 2.Nc3 Nc6 3.g3 g6 4.Bg2 Bg7 5.d3 d6 6.f4 e6 7.Nf3 Nge7 8.Be3 Nd4 9.O-O
O-O 10.e5 Nef5 11.Bf2 Rb8 12.Ne4 b6 13.g4 d5 14.Nxd4 Nxd4 15.Nd6 f6 16.c3 Nc6
17.d4 fxe5 18.fxe5 cxd4 19.cxd4 Ba6 20.Re1 Nb4 21.Re3 Bh6 22.Rh3 Bg5 23.Qb3
Nd3 24.Rxd3 Bxd3 25.Qxd3 Qd7 26.Be3 Be7 27.Bh6 Bxd6 28.exd6 Rf7 29.Qg3 Rc8
30.Rf1 Rd8 31.Bg5 Rc8 32.Be7 Rxf1+ 33.Bxf1 Re8 34.Qe5 Rxe7 35.dxe7 Qxe7 36.g5
{#r} 1-0

[Event "Queima das Fitas Open"]
[Site "Coimbra POR"]
[Date "2017.04.29"]
[Round "2.11"]
[White "Cadillon,J"]
[Black "Guimaraes,R"]
[Result "0-1"]
[WhiteElo "1744"]
[BlackElo "2100"]

1.e4 c5 2.Nf3 d6 3.d4 cxd4 4.Nxd4 Nf6 5.Nc3 a6 6.Be2 e5 7.Nb3 Be6 8.Bg5 Nbd7
9.O-O Be7 10.Kh1 h6 11.Be3 Rc8 12.Qd2 Nb6 13.f3 O-O 14.g4 d5 15.Bxb6 Qxb6
16.exd5 Rfd8 17.Na4 Qa7 18.c4 b5 19.cxb5 axb5 20.Bxb5 Bxd5 21.Qe2 e4 22.Nc3
exf3 23.Rxf3 Bxb3 24.Qxe7 Qxe7 25.axb3 {#R} 0-1

[Event "Queima das Fitas Open"]
[Site "Coimbra POR"]
[Date "2017.04.29"]
[Round "2.13"]
[White "Barrento,J"]
[Black "Fernandes,Miguel A. Murtinho"]
[Result "0-1"]
[WhiteElo "1697"]
[BlackElo "2021"]

1.a3 d5 2.b4 e5 3.e3 Bd6 4.Nf3 Bg4 5.Be2 Nd7 6.Bb2 Ngf6 7.h3 Bh5 8.d4 e4
9.Nfd2 Bxe2 10.Qxe2 O-O 11.c4 c6 12.Nc3 Qe7 13.O-O Bc7 14.Rfc1 Qd6 15.Nf1 Qe6
16.cxd5 Nxd5 17.b5 N7b6 18.bxc6 bxc6 19.Qc2 Nxc3 20.Bxc3 f5 21.Bb4 Rf6 22.Qa2
Nd5 23.Rc2 Rc8 24.Rac1 Bb8 25.Bd2 g5 26.Rc5 Bd6 27.R5c2 Bf8 28.Rb1 f4 29.exf4
gxf4 30.Bc1 f3 31.g4 Rh6 {#R} 0-1

[Event "Queima das Fitas Open"]
[Site "Coimbra POR"]
[Date "2017.04.29"]
[Round "2.14"]
[White "Felizes,P"]
[Black "Adamski,Adam"]
[Result "1-0"]
[WhiteElo "1979"]
[BlackElo "1646"]

1.d4 Nf6 2.Bg5 c5 3.Nc3 d5 4.Bxf6 gxf6 5.e4 dxe4 6.dxc5 Qa5 7.Qh5 Nc6 8.O-O-O
f5 9.Nh3 Bd7 10.Rxd7 Kxd7 11.Qxf5+ Ke8 12.Bc4 Bh6+ 13.Kb1 Rf8 14.Nxe4 b5
15.Bd5 Nb4 16.c6 Nxd5 17.Qd7# 1-0

[Event "Queima das Fitas Open"]
[Site "Coimbra POR"]
[Date "2017.04.29"]
[Round "2.17"]
[White "Marret,C"]
[Black "Dionizio,Andre Filipe Nasciment"]
[Result "0-1"]
[WhiteElo "1605"]
[BlackElo "1914"]

1.Nf3 Nf6 2.g3 d5 3.d4 Bg4 4.Bg2 e6 5.O-O Be7 6.Nbd2 Nbd7 7.c4 O-O 8.b3 c5
9.Bb2 Rc8 10.Ne5 cxd4 11.Nxg4 Nxg4 12.h3 Ngf6 13.cxd5 Nxd5 14.Bxd5 exd5
15.Bxd4 Bc5 16.Nf3 Re8 17.e3 Nf8 18.Rc1 b6 19.Qd2 Qd7 20.Kg2 Ng6 21.Qb2 f6
22.b4 Bd6 23.Qb3 Be5 24.Rxc8 Rxc8 25.Rd1 Rd8 26.e4 Bc7 27.Bb2 Ne7 28.exd5 Nxd5
29.a3 Kh8 30.Re1 b5 31.Bc1 Qf7 32.Kh2 Bb6 33.Be3 Qb7 34.Bc5 Bxc5 35.bxc5 Qd7
36.Nd4 Nc7 37.Rd1 Ne6 38.c6 Qd5 39.Qxb5 Qxb5 40.Nxb5 Rxd1 41.c7 Rc1 {#R} 0-1

[Event "Queima das Fitas Open"]
[Site "Coimbra POR"]
[Date "2017.04.29"]
[Round "2.18"]
[White "Bazan Solera,M"]
[Black "Oliveira,Joao Andre Cristovao D"]
[Result "1-0"]
[WhiteElo "1903"]
[BlackElo "1554"]

1.d4 c5 2.d5 e6 3.c4 exd5 4.cxd5 d6 5.Nc3 g6 6.e4 Bg7 7.h3 Nd7 8.Nf3 Ngf6
9.Bd3 O-O 10.O-O Re8 11.Re1 a6 12.a4 Qa5 13.Bd2 Qb4 14.Nb5 Qxb2 15.Bc3 Qxa1
16.Qxa1 axb5 17.Bxb5 Nh5 18.Bxg7 Nxg7 19.e5 dxe5 20.Nxe5 Rd8 21.Nc4 Nf5 22.Qc3
Nd4 23.Bxd7 Bxd7 24.Nb6 Rab8 25.Qxc5 Nf5 26.g4 Ng7 27.Re7 Be8 28.Qc7 Kf8 29.a5
h5 30.f3 hxg4 31.hxg4 g5 32.Qe5 {#r} 1-0

[Event "Queima das Fitas Open"]
[Site "Coimbra POR"]
[Date "2017.04.29"]
[Round "3.1"]
[White "Spraggett,K"]
[Black "Fernandes,Miguel A. Murtinho"]
[Result "1-0"]
[WhiteElo "2534"]
[BlackElo "2021"]

1.e4 d5 2.exd5 Qxd5 3.Nc3 Qd6 4.Bc4 Nf6 5.d3 g6 6.h3 Bg7 7.Nf3 O-O 8.O-O a6
9.a4 Nc6 10.Re1 e5 11.a5 h6 12.Bd2 Re8 13.Qc1 Qf8 14.Nd5 Nxd5 15.Bxd5 Nd8
16.d4 exd4 17.Rxe8 Qxe8 18.Bxh6 Be6 19.Bxg7 Kxg7 20.Qf4 c5 21.Re1 Qd7 22.Qe5+
Kg8 23.Be4 f5 24.Bd3 Bd5 25.Qg3 Qg7 26.Re8+ {#r} 1-0

[Event "Queima das Fitas Open"]
[Site "Coimbra POR"]
[Date "2017.04.29"]
[Round "3.2"]
[White "Jorge,Rita Maria Osorio"]
[Black "Galego,L"]
[Result "0-1"]
[WhiteElo "1932"]
[BlackElo "2481"]

1.e4 c5 2.Nf3 e6 3.d4 cxd4 4.Nxd4 a6 5.Be3 Nf6 6.Nd2 Qc7 7.Be2 d5 8.Bf3 e5
9.N4b3 Be6 10.c3 Nbd7 11.O-O Be7 12.a4 Rd8 13.exd5 Nxd5 14.Bxd5 Bxd5 15.Qe2
O-O 16.Rfd1 f5 17.f3 Nf6 18.Kh1 Rde8 19.Bg1 e4 20.fxe4 Nxe4 21.Nd4 Bg5 22.Nxe4
Bxe4 23.Qf1 Rf6 24.Nf3 Bf4 25.Rd4 Rh6 26.h3 Qc6 27.Qc4+ Qxc4 28.Rxc4 Rxh3+
29.Bh2 Rh6 30.Kg1 Bxh2+ 31.Nxh2 Rg6 32.g4 h5 33.Kf2 hxg4 34.Nf1 Bc6 35.Rf4 Rf6
36.Ng3 g5 37.Rd4 f4 38.Nf1 g3+ 39.Kg1 Rh6 {#R} 0-1

[Event "Queima das Fitas Open"]
[Site "Coimbra POR"]
[Date "2017.04.29"]
[Round "3.3"]
[White "Campora,D"]
[Black "Felizes,P"]
[Result "1-0"]
[WhiteElo "2439"]
[BlackElo "1979"]

1.e4 e5 2.Nf3 Nc6 3.Bb5 f5 4.d3 fxe4 5.dxe4 Nf6 6.O-O d6 7.Nc3 Be7 8.Qd3 Bg4
9.h3 Bxf3 10.Qxf3 O-O 11.Qd1 Nd4 12.Bc4+ Kh8 13.Be3 c5 14.Qd3 Nh5 15.Nd5 Bg5
16.c3 Ne6 17.Qd1 Nhf4 18.Qg4 h5 19.Qd1 g6 20.Qd2 Qd7 21.a4 Nxh3+ 22.gxh3 Nf4
23.Bxf4 Bxf4 24.Nxf4 Rxf4 25.f3 Kg7 26.Qg2 Raf8 27.Rf2 Rh4 28.Kh2 Qe7 29.Rg1
Qf6 30.Qg5 Rxe4 31.Qxg6+ Qxg6 32.Rxg6+ {#r} 1-0

[Event "Queima das Fitas Open"]
[Site "Coimbra POR"]
[Date "2017.04.29"]
[Round "3.6"]
[White "Moreira,B"]
[Black "Dias,I"]
[Result "0-1"]
[WhiteElo "1877"]
[BlackElo "2187"]

1.e4 c5 2.d4 cxd4 3.c3 d3 4.Bxd3 Nc6 5.c4 d6 6.Nf3 Nf6 7.Nc3 e6 8.O-O Be7
9.Qe2 O-O 10.Rd1 Qc7 11.Bf4 Ne5 12.Rac1 a6 13.c5 Qb8 14.Na4 Nxf3+ 15.Qxf3 e5
16.Bg5 Bg4 17.Qg3 Bxd1 18.Rxd1 dxc5 19.Nb6 Qd6 20.Nxa8 Rxa8 21.Bc2 Qe6 22.Bxf6
Bxf6 23.Rd5 b5 24.a4 Qb6 25.Qc3 Rc8 26.h3 h6 27.Bd1 c4 28.Qb4 Bh4 29.Rd2 Rd8
30.axb5 Bxf2+ 31.Kf1 Bh4 32.Bf3 Rxd2 33.Qxd2 axb5 34.Ke2 b4 35.Qe3 Qa6 36.Kd2
Bg5 {#R} 0-1

[Event "Queima das Fitas Open"]
[Site "Coimbra POR"]
[Date "2017.04.29"]
[Round "3.11"]
[White "Pereira,Ant2"]
[Black "Oliveira,Maria Alice Ramos Ma"]
[Result "1-0"]
[WhiteElo "2137"]
[BlackElo "1549"]

1.d4 Nf6 2.Bg5 d5 3.Nf3 h6 4.Bxf6 exf6 5.e3 Bd6 6.c4 dxc4 7.Bxc4 O-O 8.O-O Nd7
9.Nc3 c6 10.Qc2 Nb6 11.Be2 Be6 12.Ne4 Rc8 13.Rfd1 Bf5 14.h3 Nd5 15.Qb1 Re8
16.Bd3 Be6 17.a3 Bf8 18.Qc2 Qb6 19.Nc5 Bxc5 20.dxc5 Qc7 21.Nd4 Rcd8 22.b4 a6
23.Nb3 Qe5 24.Na5 Qc7 25.Rd2 Ne7 26.Rad1 Qc8 27.Nxb7 Rxd3 28.Rxd3 Qxb7 29.Rd8
{#r} 1-0

[Event "Queima das Fitas Open"]
[Site "Coimbra POR"]
[Date "2017.04.29"]
[Round "3.14"]
[White "Dolores,Barbara Daniela Azeve"]
[Black "Silva,Mariana Sofia T."]
[Result "0-1"]
[WhiteElo "1506"]
[BlackElo "1925"]

1.d4 Nf6 2.c4 g6 3.Nc3 Bg7 4.Nf3 O-O 5.Bg5 d6 6.e3 c5 7.d5 a6 8.e4 b5 9.cxb5
axb5 10.Bxb5 Qa5 11.Bd3 Ba6 12.O-O h6 13.Bh4 Nbd7 14.Qe2 Bxd3 15.Qxd3 Rfb8
16.Qc2 Qb4 17.Rab1 g5 18.Bg3 Nh5 19.Rfc1 Nxg3 20.hxg3 Ne5 21.Nxe5 Bxe5 22.b3
Bxc3 23.Qxc3 Qxc3 24.Rxc3 Rxa2 25.Rc4 Kg7 26.f4 Ra3 27.Rc3 Rb4 28.fxg5 hxg5
29.Rc4 Raxb3 30.Rxb4 Rxb4 31.Re1 Rd4 32.Kf2 Kf6 33.Kf3 Ke5 34.Re3 g4+ 35.Kxg4
Rxe4+ 36.Rxe4+ Kxe4 {#R} 0-1

[Event "Queima das Fitas Open"]
[Site "Coimbra POR"]
[Date "2017.04.29"]
[Round "3.15"]
[White "Ribeiro,Rodrigo"]
[Black "Godinho Marques,Pedro"]
[Result "0-1"]
[WhiteElo "1387"]
[BlackElo "1903"]

1.d4 d5 2.c4 e6 3.Nc3 c5 4.cxd5 exd5 5.Nf3 Nc6 6.dxc5 d4 7.Ne4 Bxc5 8.Nxc5
Qa5+ 9.Bd2 Qxc5 10.g3 Nf6 11.Bg2 O-O 12.O-O Bg4 13.Bf4 Rad8 14.Qd2 Qh5 15.Bg5
Ne4 16.Qf4 Nxg5 17.Nxg5 Bxe2 18.Bf3 Bxf3 19.Nxf3 Rfe8 20.Rfd1 d3 21.Rd2 Re2
22.Rad1 Rxd2 23.Rxd2 Qd5 24.a3 f6 25.Ne1 Nd4 {#R} 0-1

[Event "Queima das Fitas Open"]
[Site "Coimbra POR"]
[Date "2017.04.29"]
[Round "3.17"]
[White "Couto,Gaspar Sousa"]
[Black "Fernandes,Ricardo Paulos"]
[Result "0-1"]
[WhiteElo "1168"]
[BlackElo "1778"]

1.e4 c5 2.Nf3 Nc6 3.d4 cxd4 4.Nxd4 g6 5.Nc3 Bg7 6.Nb3 d6 7.f3 Nf6 8.Be3 Bd7
9.Be2 O-O 10.O-O a6 11.Kh1 Rc8 12.Qd2 Re8 13.Bh6 Bh8 14.f4 Bg4 15.Bf3 b5 16.a4
b4 17.Na2 Bxf3 18.gxf3 Qd7 19.Kg2 Nh5 20.c3 bxc3 21.Nxc3 Rb8 22.Nc5 Qa7 23.Nd3
Qd4 24.Rfd1 Na5 25.Qe2 Nc4 26.Re1 Nxb2 27.Red1 Nxd1 28.Rxd1 Qxc3 29.Rc1 Qxc1
{#R} 0-1